| 000 | 01228nam a22002777a 4500 | ||
|---|---|---|---|
| 005 | 20170124102946.0 | ||
| 010 | _aA-690428 | ||
| 020 |
_c100.00 _a817016186 |
||
| 035 | _aA-690428 | ||
| 037 | _bCen Lib/Ret | ||
| 040 |
_aDPL _bHN |
||
| 082 |
_a821 _bमहादे |
||
| 100 |
_aपाण्डेय, गंगाप्रसाद _943015 |
||
| 245 |
_aमहादेवी के श्रेष्ठ गीत / _cसंपादक गंगाप्रसाद पाण्डेय |
||
| 246 |
_aMahadevi ke shreshth geet / _bsampadak ganfaprasad Pandey |
||
| 260 |
_aनयी दिल्ली _bकिताबघर _c1994 |
||
| 270 |
_a२१, अंसारी रोड, दरयागंज _bनयी दिल्ली _e110002 |
||
| 300 |
_a211पृ. _c19सेमी(सजिल्द ) |
||
| 500 | _aपरिशष्ट शामिल | ||
| 650 |
_aहिंदी साहित्य _x _z _950103 |
||
| 650 |
_aहिंदी काव्य _950104 |
||
| 650 |
_aHindi literature _950105 |
||
| 650 |
_aHindi poetry _950106 |
||
| 700 |
_aपाण्डेय, गंगाप्रसाद _943015 |
||
| 942 |
_2ddc _cHN _h821.08 _mमहादे |
||
| 999 |
_c112992 _d112992 |
||